[Event "Stay Safe Play From Home 262"]
[Site "Emanuel Lasker Arena"]
[Date "2020.06.29"]
[Round "4"]
[White "SoulofWolf"]
[Black "Trotsky"]
[Result "1-0"]
[WhiteElo "2201"]
[BlackElo "1613"]
[Annotator "TA"]
[PlyCount "57"]
[EventDate "2020.06.29"]
[EventType "swiss (blitz)"]

{[%evp 9,57,-45,-14,-52,-35,-43,-49,-45,16,-76,-81,-97,-33,-219,-81,-235,-27,-126,54,-161,63,75,61,60,77,0,38,41,150,148,177,119,483,437,952,953,1606,1585,1565,1575,29986,-98,-103,-59,80,-67,-31,-83,1140,1102]} 1. c4 c5 2. f4 e6 3. Nf3 d5 {[#]} 4. d3 $146 ({Predecessor:} 4. e3 Nc6 5. b3 d4 6. Bb2 Bd6 7. exd4 cxd4 8. g3 e5 9. fxe5 Bxe5 10. Bg2 Bf6 {½-½ (27) Fagerbekk,E (2292)-Jonvik,A (2133) ICCF email 2015}) 4... Nc6 5. cxd5 exd5 6. e3 {A30: Symmetrical English: Double Fianchetto and Hedgehog.} Be6 7. Be2 Bd6 8. O-O {Black is slightly better.} Qc7 (8... Nge7 $15) 9. Nbd2 (9. Ng5 $11 {keeps the balance.}) 9... Nf6 $17 10. b3 h5 ({Don't play} 10... Ng4 11. Nb1 $11) (10... O-O $17 11. Ne1 Rad8) 11. Bb2 $2 {[#]} (11. Ng5 $15) 11... O-O-O (11... Ng4 $19 {has better winning chances.} 12. Qc1 Nxe3) 12. Rc1 $2 (12. h3 $17) 12... Kb8 $2 (12... Ng4 $19 13. Qe1 Nxe3) 13. Ng5 (13. d4 $11) 13... Ng4 $2 (13... d4 $17 14. g3 dxe3 15. Nxe6 fxe6) 14. Bxg4 $2 (14. Nxe6 $14 {is the one way to stay ahead.} fxe6 15. Bxg4 hxg4 16. Qxg4) 14... hxg4 $2 {[#]} (14... Bxg4 $19 15. Ngf3 Rhe8) 15. Nxe6 $14 fxe6 16. Qxg4 e5 17. g3 ({White should play} 17. Bxe5 $16 {And now d4 would win.} Bxe5 18. fxe5) 17... exf4 (17... Qa5 $5 {[%cal Ra5d2]} 18. Qe2 Qxa2 19. fxe5 Qxb2 20. exd6 Rxd6 $11) 18. exf4 Rh7 (18... Nb4 $14) 19. Nf3 $16 Rdh8 20. Rf2 (20. d4 $18) 20... g5 $2 {[%mdl 8192]} (20... Nb4 $16 {is a better chance.}) 21. Nxg5 Be5 (21... d4 $142 22. Nxh7 Qxh7) 22. fxe5 $18 Nxe5 23. Bxe5 Qxe5 24. Nxh7 Qd4 25. Ng5 $2 (25. Qxd4 {mates} cxd4 26. Rf8+ Rxf8 27. Nxf8 a5 28. Nd7+ Ka7 29. h4 Ka6 30. h5) 25... Qxg4 $17 26. Nf3 Qh3 (26... Rc8 $15) 27. Rcf1 ({Better is} 27. Rxc5 $16 Qf5 28. d4) 27... a6 {[%mdl 1024] Black has compensation.} 28. Ng5 ({White should try} 28. Rc1 $15) 28... Ka8 $2 {[%mdl 8192]} (28... Qg4 $17 29. Nf3 Re8) 29. Nxh3 {What a bad dream for Black. Accuracy: White = 35%, Black = 12%.} 1-0

[Event "Stay Safe Play From Home 262"]
[Site "Emanuel Lasker Arena"]
[Date "2020.06.29"]
[Round "4"]
[White "Lazieri3"]
[Black "Haris kollari 13"]
[Result "1-0"]
[WhiteElo "2067"]
[BlackElo "1761"]
[Annotator "NA"]
[PlyCount "69"]
[EventDate "2020.06.29"]
[EventType "swiss (blitz)"]

1. e4 {[%emt 0:00:01]} e6 {[%emt 0:00:00]} 2. Nc3 {[%emt 0:00:00]} d5 {[%emt 0:00:00]} 3. Nf3 {[%emt 0:00:00]} d4 {[%emt 0:00:02]} 4. Ne2 {[%emt 0:00:01]} c5 {[%emt 0:00:01]} 5. d3 {[%emt 0:00:00]} Nc6 {[%emt 0:00:01]} 6. g3 {[%emt 0:00:00]} e5 {[%emt 0:00:01]} 7. Bg2 {[%emt 0:00:00]} Bg4 {[%emt 0:00:01]} 8. h3 {[%emt 0:00:01]} Bh5 {[%emt 0:00:01]} 9. O-O {[%emt 0:00:03]} Bd6 {[%emt 0:00:01]} 10. Nh2 {[%emt 0:00:01]} f6 {[%emt 0:00:02]} 11. f4 {[%emt 0:00:01]} Bg6 {[%emt 0:00:02]} 12. f5 {[%emt 0:00:02]} Bf7 {[%emt 0:00:01]} 13. c4 {[%emt 0:00:01]} Qd7 {[%emt 0:00:01]} 14. Nf3 {[%emt 0:00:02]} Nge7 {[%emt 0:00:01]} 15. a3 {[%emt 0:00:01]} O-O-O {[%emt 0:00:01]} 16. Bd2 {[%emt 0:00:01]} Rdg8 {[%emt 0:00:01]} 17. b4 {[%emt 0:00:00]} g6 {[%emt 0:00:03]} 18. bxc5 {[%emt 0:00:01]} Bxc5 {[%emt 0:00:01]} 19. fxg6 {[%emt 0:00:03]} hxg6 {[%emt 0:00:01]} 20. Bb4 {[%emt 0:00:00]} Bb6 {[%emt 0:00:07]} 21. Qb3 {[%emt 0:00:04]} Bc7 {[%emt 0:00:02]} 22. a4 {[%emt 0:00:02]} Nxb4 {[%emt 0:00:03]} 23. Qxb4 {[%emt 0:00:01]} Bd6 {[%emt 0:00:01]} 24. c5 {[%emt 0:00:02]} Bb8 {[%emt 0:00:01]} 25. a5 {[%emt 0:00:01]} Nc6 {[%emt 0:00:01]} 26. Qa3 {[%emt 0:00:03]} Be6 {[%emt 0:00:01]} 27. a6 {[%emt 0:00:02]} Bxh3 {[%emt 0:00:04]} 28. axb7+ {[%emt 0:00:01]} Kd8 {[%emt 0:00:02]} 29. Qb3 {[%emt 0:00:10]} f5 {[%emt 0:00:04]} 30. Bxh3 {[%emt 0:00:02]} Rxh3 {[%emt 0:00:02]} 31. Qxg8+ {[%emt 0:00:01]} Kc7 {[%emt 0:00:02]} 32. exf5 {[%emt 0:00:03]} Qxf5 {[%emt 0:00:02]} 33. Qg7+ {[%emt 0:00:02]} Kd8 {[%emt 0:00:03]} 34. Nfxd4 {[%emt 0:00:01]} Qxd3 {[%emt 0:00:03]} 35. Rf8# {[%emt 0:00:01] (Lag: Av=0.56s, max=2.4s)} 1-0

[Event "Stay Safe Play From Home 262"]
[Site "Emanuel Lasker Arena"]
[Date "2020.06.29"]
[Round "4"]
[White "Bardellosport"]
[Black "Justwatch"]
[Result "1-0"]
[WhiteElo "2001"]
[BlackElo "1659"]
[Annotator "TA"]
[PlyCount "43"]
[EventDate "2020.06.29"]
[EventType "swiss (blitz)"]

{[%evp 9,43,37,65,23,72,17,50,38,122,64,82,62,57,63,60,48,51,57,58,56,165,58,70,69,75,90,179,176,303,312,305,257,665,653,665,664]} 1. f4 Nf6 2. Nf3 d6 3. g3 Bg4 4. Bg2 {[#]} Bxf3 $146 ({Predecessor:} 4... Nbd7 5. h3 Bxf3 6. Bxf3 Rb8 7. O-O e5 8. d3 Be7 9. Nc3 O-O 10. e4 c6 11. Be3 {½-½ (33) Nunez Romeo,F (1730)-Rodriguez Batuecas,J (1811) Barcelona 2018}) 5. Bxf3 Nc6 6. O-O {A02: Bird's Opening.} e6 7. d3 (7. e4 $16) 7... Be7 8. c3 {White is slightly better.} Rb8 ({Black should try} 8... d5 $14) 9. Na3 (9. e4 $16) 9... O-O 10. Nc2 d5 11. e4 dxe4 12. dxe4 Qxd1 13. Rxd1 Bc5+ 14. Kg2 h6 ({Black should play} 14... Rfd8 $14) 15. Be3 (15. e5 $18 Nd5 16. Bxd5 exd5 17. Rxd5) 15... Bxe3 $14 16. Nxe3 Rbd8 17. e5 $36 {[%mdl 2048] White is really pushing.} Rxd1 (17... Nd7 $16) 18. Rxd1 $18 Ne8 (18... Nh7 $142 19. Bxc6 bxc6) 19. Bxc6 bxc6 20. Rd7 Nd6 $2 {[#]} (20... g5 21. Kf3 gxf4) 21. exd6 cxd6 22. Rxd6 {Accuracy: White = 53%, Black = 31%.} 1-0

[Event "Stay Safe Play From Home 262"]
[Site "Emanuel Lasker Arena"]
[Date "2020.06.29"]
[Round "4"]
[White "Edmatuag"]
[Black "Mandy"]
[Result "1-0"]
[WhiteElo "1686"]
[BlackElo "956"]
[Annotator "NA RC"]
[PlyCount "35"]
[EventDate "2020.06.29"]
[EventType "swiss (blitz)"]

1. e4 {[%emt 0:00:01]} c6 {[%emt 0:00:02]} 2. Nf3 {[%emt 0:00:00]} d5 {[%emt 0:00:01]} 3. e5 {[%emt 0:00:01]} e6 {[%emt 0:00:02]} 4. d4 {[%emt 0:00:00]} f6 {[%emt 0:00:01]} 5. Bd3 {[%emt 0:00:01]} g6 {[%emt 0:00:06]} 6. exf6 {[%emt 0:00:03]} Nxf6 {[%emt 0:00:04]} 7. c3 {[%emt 0:00:00]} Be7 {[%emt 0:00:09]} 8. Bh6 {[%emt 0:00:05]} Bf8 {[%emt 0:00:05]} 9. Bg5 {[%emt 0:00:01]} Be7 {[%emt 0:00:04]} 10. h3 {[%emt 0:00:02]} O-O {[%emt 0:00:04]} 11. Qd2 {[%emt 0:00:03]} Nbd7 {[%emt 0:00:04]} 12. Bh6 {[%emt 0:00:01]} Re8 {[%emt 0:00:02]} 13. O-O {[%emt 0:00:04]} Bf8 {[%emt 0:00:01]} 14. Bxf8 {[%emt 0:00:02]} Kxf8 {[%emt 0:00:02]} 15. Qc2 {[%emt 0:00:00]} Qc7 {[%emt 0:00:03]} 16. Nbd2 {[%emt 0:00:02]} c5 {[%emt 0:00:02]} 17. Rac1 {[%emt 0:00:03]} Qd6 {[%emt 0:00:08]} 18. Bxg6 {[%emt 0:00:02] Zeit (Lag: Av=0.61s, max=1.3s)} 1-0

[Event "Stay Safe Play From Home 262"]
[Site "Emanuel Lasker Arena"]
[Date "2020.06.29"]
[Round "4"]
[White "Goofus3"]
[Black "Klasman"]
[Result "1-0"]
[WhiteElo "1386"]
[BlackElo "1290"]
[Annotator "NA RC"]
[PlyCount "57"]
[EventDate "2020.06.29"]
[EventType "swiss (blitz)"]

1. d4 {[%emt 0:00:01]} d5 {[%emt 0:00:08]} 2. Nf3 {[%emt 0:00:00]} c6 {[%emt 0:00:01]} 3. g3 {[%emt 0:00:00]} Nf6 {[%emt 0:00:02]} 4. Bg2 {[%emt 0:00:00]} e6 {[%emt 0:00:01]} 5. Nbd2 {[%emt 0:00:00]} Bd6 {[%emt 0:00:01]} 6. c4 {[%emt 0:00:00]} dxc4 {[%emt 0:00:02]} 7. Nxc4 {[%emt 0:00:01]} Na6 {[%emt 0:00:03]} 8. Nxd6+ {[%emt 0:00:01]} Qxd6 {[%emt 0:00:01]} 9. O-O {[%emt 0:00:01]} O-O {[%emt 0:00:02]} 10. Bf4 {[%emt 0:00:00]} Qe7 {[%emt 0:00:03]} 11. Ne5 {[%emt 0:00:01]} Nc7 {[%emt 0:00:03]} 12. Nc4 {[%emt 0:00:02]} Ncd5 {[%emt 0:00:02]} 13. Bg5 {[%emt 0:00:03]} b5 {[%emt 0:00:04]} 14. Ne3 {[%emt 0:00:04]} Bd7 {[%emt 0:00:02]} 15. Nxd5 {[%emt 0:00:03]} cxd5 {[%emt 0:00:01]} 16. b3 {[%emt 0:00:02]} h6 {[%emt 0:00:01]} 17. Bd2 {[%emt 0:00:01]} Rac8 {[%emt 0:00:02]} 18. a3 {[%emt 0:00:00]} Rc7 {[%emt 0:00:02]} 19. Bb4 {[%emt 0:00:00]} Qd8 {[%emt 0:00:06]} 20. Bxf8 {[%emt 0:00:00]} Kxf8 {[%emt 0:00:01]} 21. a4 {[%emt 0:00:00]} Qc8 {[%emt 0:00:02]} 22. axb5 {[%emt 0:00:01]} Bxb5 {[%emt 0:00:02]} 23. Rb1 {[%emt 0:00:01]} a6 {[%emt 0:00:02]} 24. b4 {[%emt 0:00:02]} Rc2 {[%emt 0:00:01]} 25. e3 {[%emt 0:00:04]} Bxf1 {[%emt 0:00:02]} 26. Qxf1 {[%emt 0:00:01]} Ne4 {[%emt 0:00:02]} 27. Bxe4 {[%emt 0:00:02]} dxe4 {[%emt 0:00:01]} 28. Qg2 {[%emt 0:00:01]} Qc6 {[%emt 0:00:02]} 29. Qf1 {[%emt 0:00:01] Time (Lag: Av=0.54s, max=1.8s)} 1-0

[Event "Stay Safe Play From Home 262"]
[Site "Emanuel Lasker Arena"]
[Date "2020.06.29"]
[Round "5"]
[White "Uber_WING"]
[Black "Mepe_Nika"]
[Result "0-1"]
[WhiteElo "2491"]
[BlackElo "2454"]
[Annotator "TA"]
[PlyCount "122"]
[EventDate "2020.06.29"]
[EventType "swiss (blitz)"]

{[%evp 9,122,-12,-21,-17,-18,-21,-2,0,10,-25,-12,-56,-10,-60,-14,-42,0,0,3,-101,0,-95,-87,-206,-210,-185,-181,-267,-255,-262,-259,-317,-255,-235,-244,-272,-247,-515,-116,-129,-138,-226,-117,-164,-150,-184,-175,-161,-169,-164,-41,-85,-119,-259,-257,-250,-246,-275,-266,-265,-270,-389,-387,-579,-555,-797,-791,-766,-721,-768,-753,-1858,-1052,-3775,-3775,-29972,-29974,-29971,-29972,-29989,-29980,-29979,-29977,-29976,-29976,-29978,-29961,-6107,-5600,-29976,-29977,-29977,-29978,-29980,-29978,-29983,-29981,-29986,-29987,-29987,-29988,-29989,-29989,-29989,-29990,-29990,-29991,-29991,-29992,-29992,-29993,-29993,-29994,-29994,-29995]} 1. e4 e5 2. Nc3 Nf6 3. g3 c6 4. Bg2 d5 5. d3 dxe4 6. dxe4 {C26: Vienna Game: 2...Nf6, sidelines .} Qxd1+ 7. Nxd1 Bc5 8. Be3 {The position is equal.} Nbd7 {[#]} 9. c3 $146 ({Predecessor:} 9. f3 O-O 10. Nh3 h6 11. Nhf2 Re8 12. Nd3 Bf8 13. O-O {½-½ (13) De Hoogt,I (2025)-Lacrosse,M (2225) Gent 2016}) 9... a5 10. Ne2 O-O 11. Kd2 b6 {[%cal Bb7b6,Bb6b5][%mdl 32]} 12. Kc2 Ba6 13. Nc1 $1 Rfd8 14. b3 {[#]} (14. f3 $11 {remains equal.}) 14... h6 (14... Ng4 $1 $17 15. Bf3 h5) 15. c4 (15. f3 $11) 15... b5 $36 {[%mdl 2048] Black is really pushing.} 16. Nb2 (16. Nd3 $17 {was called for.} Be7 17. cxb5 cxb5 18. f3) 16... Bxe3 $19 17. fxe3 {[#]} a4 $1 {[%cal Ba5a4,Ba4a3][%mdl 544]} 18. Ncd3 (18. bxa4 $142 bxa4 19. Nxa4) 18... a3 19. Nd1 bxc4 20. Nb4 cxb3+ 21. axb3 Bb5 22. Nc3 Nc5 {...Ng4 is the strong threat.} 23. Rhd1 $2 (23. Bf3) 23... Kf8 $2 (23... Ng4 $19 {and Black stays clearly on top.} 24. Rxd8+ Rxd8) 24. Rxd8+ $17 Rxd8 25. Rxa3 (25. Nxb5 $17 cxb5 26. Rxa3) 25... Nd3 (25... Ng4 $19 26. Nxb5 Nxe3+ 27. Kc3 cxb5) 26. Nxd3 Bxd3+ 27. Kb2 Ng4 28. Bh3 Nxe3 29. Ra7 Bb5 (29... Bc2 $19 {Hoping for ...Rd2.} 30. Rc7 g6) 30. Nxb5 cxb5 $15 {[%mdl 4096] Endgame KRB-KRN} 31. Rb7 {White does not recover from this.} (31. Kc3 $17 {might work better.}) 31... Rd2+ $19 32. Kc3 Rxh2 33. Bd7 Rg2 34. Bxb5 Rxg3 35. b4 (35. Rb8+ $142 Ke7 36. Kd2) 35... h5 36. Ra7 (36. Rb8+ $142 Ke7 37. Re8+ Kf6 38. Kd2) 36... h4 37. Bd7 h3 38. Bxh3 Rxh3 {KRN-KR} 39. b5 g5 40. b6 Nd5+ {[%mdl 64] Double Attack, Discovered Attack (Double check)} 41. Kc4 Nxb6+ 42. Kb5 Rb3+ 43. Kc5 g4 44. Rb7 g3 45. Ra7 Kg7 46. Ra1 Nd7+ 47. Kd6 Nf6 48. Kxe5 Rb4 49. Kf5 Rxe4 {Black mates.} 50. Rg1 Rg4 51. Ke5 Rg6 52. Kd6 g2 53. Kc7 Nh5 54. Kb8 Nf4 55. Ka7 Ne2 56. Rxg2 Rxg2 57. Kb6 f5 58. Kc5 f4 59. Kc4 f3 60. Kd3 Ng3 61. Ke3 f2 {Accuracy: White = 22%, Black = 54%.} 0-1

[Event "Stay Safe Play From Home 262"]
[Site "Emanuel Lasker Arena"]
[Date "2020.06.29"]
[Round "5"]
[White "Broken sword"]
[Black "Lazieri3"]
[Result "1-0"]
[WhiteElo "2467"]
[BlackElo "2072"]
[Annotator "TA"]
[PlyCount "93"]
[EventDate "2020.06.29"]
[EventType "swiss (blitz)"]

{[%evp 17,93,-1,0,0,0,0,0,0,0,0,0,0,10,1,10,5,12,6,29,13,30,10,37,37,36,15,59,58,105,116,95,93,250,172,180,104,95,95,158,175,164,56,113,93,332,349,322,318,297,250,504,502,701,713,683,684,1029,842,1016,150,150,150,150,150,387,385,358,354,404,382,398,377,416,404,457,432,327,236]} 1. d4 c6 2. Nf3 d5 3. c4 Nf6 4. cxd5 cxd5 5. Nc3 Nc6 6. Bf4 Bf5 7. e3 e6 8. Bd3 Bxd3 9. Qxd3 Bd6 10. Bg5 {D14: Slav Defence: Exchange variation with ...Bf5.} h6 11. Bh4 O-O 12. O-O {The position is equal.} Be7 13. Bxf6 Bxf6 14. Rfc1 a6 15. Na4 {[#]} Rc8 $146 ({Predecessor:} 15... Qe7 16. Nc5 Rfc8 17. Qd2 Rc7 18. Nd3 Rac8 19. Nfe5 Bxe5 20. Nxe5 Nxe5 21. dxe5 Rc5 22. Rxc5 Qxc5 {0-1 (35) Lee,K (1959)-Nguyen,T (2248) Ho Chi Minh City 2015}) 16. Nc5 Qc7 17. Qb3 Rb8 18. g3 (18. Rc3 {seems wilder.} Qe7 19. Nd3 Rfc8 20. Rac1 Qd8 21. g3) 18... Be7 (18... Rfc8 {looks sharper.} 19. Kg2 Qe7 20. Nd3 Qd8 21. h4 Rc7) 19. a3 Bxc5 20. Rxc5 Rfc8 21. Rac1 Qd6 22. Ne5 f6 23. Nxc6 bxc6 24. Qc3 {[%cal Rc5c6]} Kh7 $2 (24... Rb6 $16) 25. b4 ({But not} 25. Rxc6 $6 Rxc6 26. Qxc6 Rb6) 25... Rb6 {[#]} 26. Qd3+ ({Better is} 26. a4 $1 $18) 26... Kh8 27. R1c3 Rc7 (27... Qd7 $142) 28. Qc2 Kg8 29. Qa4 (29. a4 $18) 29... Kf7 (29... e5 $14) 30. Qa5 Rb5 $2 {[#]} (30... Rcb7 $16) 31. Qxa6 $18 Rxc5 32. Rxc5 {[%mdl 4096] Endgame KQR-KQR} ({Not} 32. bxc5 Qd7 $16) 32... Qd7 33. Qb6 Ra7 $2 (33... Ke8 {was necessary.} 34. Rc1 Ke7) 34. Rxc6 Kg6 35. Qc5 Rxa3 36. Rc7 Qa4 37. Kg2 Qd1 38. Qc2+ $2 (38. Qf8 $18 {has better winning chances.} Kf5 39. Qxg7) 38... Qxc2 $16 39. Rxc2 {KR-KR} Rb3 40. Rc6 Rxb4 $2 (40... Kf7 $16) 41. Rxe6 $18 Rb5 42. Rd6 Kf7 43. Rd7+ Kf8 44. Kf3 h5 45. h4 Ra5 46. Kf4 g6 47. g4 {Accuracy: White = 74%, Black = 43%.} 1-0

[Event "Stay Safe Play From Home 262"]
[Site "Emanuel Lasker Arena"]
[Date "2020.06.29"]
[Round "5"]
[White "Hetou"]
[Black "BrainThinker22"]
[Result "1-0"]
[WhiteElo "2388"]
[BlackElo "2288"]
[Annotator "NA"]
[PlyCount "167"]
[EventDate "2020.06.29"]
[EventType "swiss (blitz)"]

1. g3 {[%emt 0:00:01]} d5 {[%emt 0:00:01]} 2. Bg2 {[%emt 0:00:00]} e6 {[%emt 0:00:00]} 3. Nf3 {[%emt 0:00:00]} Nf6 {[%emt 0:00:00]} 4. d4 {[%emt 0:00:00]} Be7 {[%emt 0:00:00]} 5. c4 {[%emt 0:00:00]} O-O {[%emt 0:00:00]} 6. O-O {[%emt 0:00:00]} c5 {[%emt 0:00:00]} 7. Qc2 {[%emt 0:00:00]} Nc6 {[%emt 0:00:01]} 8. Rd1 {[%emt 0:00:00]} dxc4 {[%emt 0:00:01]} 9. dxc5 {[%emt 0:00:00]} Qa5 {[%emt 0:00:01]} 10. Qxc4 {[%emt 0:00:00]} Qxc5 {[%emt 0:00:01]} 11. Qxc5 {[%emt 0:00:00]} Bxc5 {[%emt 0:00:00]} 12. Nbd2 {[%emt 0:00:00]} Bb6 {[%emt 0:00:02]} 13. Nb3 {[%emt 0:00:00]} Bd7 {[%emt 0:00:01]} 14. Bg5 {[%emt 0:00:00]} Rad8 {[%emt 0:00:02]} 15. Rac1 {[%emt 0:00:00]} h6 {[%emt 0:00:01]} 16. Bxf6 {[%emt 0:00:01]} gxf6 {[%emt 0:00:00]} 17. Nfd2 {[%emt 0:00:00]} Rfe8 {[%emt 0:00:01]} 18. Nc4 {[%emt 0:00:00]} Bc7 {[%emt 0:00:03]} 19. Nc5 {[%emt 0:00:00]} Bc8 {[%emt 0:00:01]} 20. Bxc6 {[%emt 0:00:01]} bxc6 {[%emt 0:00:01]} 21. Kf1 {[%emt 0:00:00]} Bb6 {[%emt 0:00:01]} 22. Nd3 {[%emt 0:00:02]} Ba6 {[%emt 0:00:01]} 23. b3 {[%emt 0:00:00]} Bxc4 {[%emt 0:00:02]} 24. Rxc4 {[%emt 0:00:01]} Rd6 {[%emt 0:00:01]} 25. Rdc1 {[%emt 0:00:00]} Rc8 {[%emt 0:00:01]} 26. h4 {[%emt 0:00:01]} e5 {[%emt 0:00:01]} 27. Kg2 {[%emt 0:00:02]} Kf8 {[%emt 0:00:01]} 28. Kf3 {[%emt 0:00:00]} Ke7 {[%emt 0:00:01]} 29. Ke4 {[%emt 0:00:00]} Ke6 {[%emt 0:00:01]} 30. g4 {[%emt 0:00:00]} h5 {[%emt 0:00:01]} 31. f3 {[%emt 0:00:01]} hxg4 {[%emt 0:00:01]} 32. fxg4 {[%emt 0:00:00]} Rd4+ {[%emt 0:00:00]} 33. Rxd4 {[%emt 0:00:01]} Bxd4 {[%emt 0:00:00]} 34. h5 {[%emt 0:00:01]} Rg8 {[%emt 0:00:02]} 35. Rxc6+ {[%emt 0:00:01]} Kd7 {[%emt 0:00:01]} 36. Rxf6 {[%emt 0:00:01]} Rxg4+ {[%emt 0:00:01]} 37. Kf3 {[%emt 0:00:03]} Rg5 {[%emt 0:00:01]} 38. Rxf7+ {[%emt 0:00:01]} Ke6 {[%emt 0:00:00]} 39. Rh7 {[%emt 0:00:03]} Rf5+ {[%emt 0:00:00]} 40. Kg4 {[%emt 0:00:01]} Rf1 {[%emt 0:00:01]} 41. Rh6+ {[%emt 0:00:01]} Kd5 {[%emt 0:00:01]} 42. Rg6 {[%emt 0:00:03]} Rg1+ {[%emt 0:00:01]} 43. Kf5 {[%emt 0:00:01]} Rh1 {[%emt 0:00:00]} 44. h6 {[%emt 0:00:01]} Rf1+ {[%emt 0:00:04]} 45. Kg4 {[%emt 0:00:02]} Rg1+ {[%emt 0:00:01]} 46. Kh5 {[%emt 0:00:02]} Rh1+ {[%emt 0:00:01]} 47. Kg5 {[%emt 0:00:01]} Rg1+ {[%emt 0:00:00]} 48. Kf6 {[%emt 0:00:01]} e4+ {[%emt 0:00:01]} 49. Kf7 {[%emt 0:00:03]} Rxg6 {[%emt 0:00:00]} 50. Nf4+ {[%emt 0:00:01]} Ke5 {[%emt 0:00:03]} 51. Nxg6+ {[%emt 0:00:00]} Kf5 {[%emt 0:00:00]} 52. h7 {[%emt 0:00:01]} Kg4 {[%emt 0:00:00]} 53. Ke6 {[%emt 0:00:02]} Kg5 {[%emt 0:00:02]} 54. Kd5 {[%emt 0:00:01]} Bg7 {[%emt 0:00:02]} 55. h8=Q {[%emt 0:00:00]} Bxh8 {[%emt 0:00:01]} 56. Nxh8 {[%emt 0:00:00]} Kf4 {[%emt 0:00:00]} 57. Nf7 {[%emt 0:00:00]} Ke3 {[%emt 0:00:01]} 58. Ng5 {[%emt 0:00:00]} Kxe2 {[%emt 0:00:00]} 59. Nxe4 {[%emt 0:00:00]} Kd3 {[%emt 0:00:01]} 60. Nc5+ {[%emt 0:00:01]} Kc2 {[%emt 0:00:00]} 61. a4 {[%emt 0:00:00]} Kb2 {[%emt 0:00:00]} 62. Kc6 {[%emt 0:00:00]} Ka3 {[%emt 0:00:00]} 63. Kb7 {[%emt 0:00:00]} Kb4 {[%emt 0:00:00]} 64. Kxa7 {[%emt 0:00:00]} Kxc5 {[%emt 0:00:00]} 65. a5 {[%emt 0:00:00]} Kb5 {[%emt 0:00:00]} 66. a6 {[%emt 0:00:00]} Kb4 {[%emt 0:00:00]} 67. Kb7 {[%emt 0:00:01]} Kxb3 {[%emt 0:00:00]} 68. a7 {[%emt 0:00:00]} Kc4 {[%emt 0:00:00]} 69. a8=Q {[%emt 0:00:02]} Kc5 {[%emt 0:00:00]} 70. Qc8+ {[%emt 0:00:00]} Kd5 {[%emt 0:00:01]} 71. Qg4 {[%emt 0:00:00]} Ke5 {[%emt 0:00:01]} 72. Kb6 {[%emt 0:00:00]} Kd5 {[%emt 0:00:00]} 73. Qf5+ {[%emt 0:00:01]} Kd4 {[%emt 0:00:01]} 74. Kc6 {[%emt 0:00:00]} Ke3 {[%emt 0:00:00]} 75. Qd5 {[%emt 0:00:00]} Kf4 {[%emt 0:00:01]} 76. Kc5 {[%emt 0:00:00]} Kg3 {[%emt 0:00:00]} 77. Qd4 {[%emt 0:00:00]} Kg2 {[%emt 0:00:00]} 78. Kd5 {[%emt 0:00:00]} Kg3 {[%emt 0:00:00]} 79. Qe4 {[%emt 0:00:00]} Kh2 {[%emt 0:00:01]} 80. Ke5 {[%emt 0:00:00]} Kg1 {[%emt 0:00:00]} 81. Kf4 {[%emt 0:00:00]} Kh2 {[%emt 0:00:00]} 82. Qc2+ {[%emt 0:00:00]} Kg1 {[%emt 0:00:00]} 83. Kg3 {[%emt 0:00:01]} Kh1 {[%emt 0:00:00]} 84. Qg2# {[%emt 0:00:01] (Lag: Av=0.65s, max=1.0s)} 1-0

[Event "Stay Safe Play From Home 262"]
[Site "Emanuel Lasker Arena"]
[Date "2020.06.29"]
[Round "5"]
[White "Praveen prasad"]
[Black "SoulofWolf"]
[Result "1-0"]
[WhiteElo "2227"]
[BlackElo "2202"]
[Annotator "RC"]
[PlyCount "55"]
[EventDate "2020.06.29"]
[EventType "swiss (blitz)"]

1. e4 {[%emt 0:00:21]} d5 {[%emt 0:00:00]} 2. exd5 {[%emt 0:00:02]} Nf6 {[%emt 0:00:01]} 3. Nf3 {[%emt 0:00:00]} Nxd5 {[%emt 0:00:00]} 4. Be2 {[%emt 0:00:00]} Nf6 {[%emt 0:00:00]} 5. O-O {[%emt 0:00:00]} e6 {[%emt 0:00:00]} 6. d3 {[%emt 0:00:01]} Be7 {[%emt 0:00:00]} 7. Bd2 {[%emt 0:00:00]} O-O {[%emt 0:00:00]} 8. Bc3 {[%emt 0:00:00]} b6 {[%emt 0:00:01]} 9. Nbd2 {[%emt 0:00:00]} Bb7 {[%emt 0:00:00]} 10. Re1 {[%emt 0:00:00]} Nbd7 {[%emt 0:00:00]} 11. Ne5 {[%emt 0:00:01]} a5 {[%emt 0:00:01]} 12. Bf3 {[%emt 0:00:01]} Bxf3 {[%emt 0:00:01]} 13. Ndxf3 {[%emt 0:00:00]} Bd6 {[%emt 0:00:02]} 14. Nc6 {[%emt 0:00:01]} Qe8 {[%emt 0:00:02]} 15. Nfe5 {[%emt 0:00:00]} Nc5 {[%emt 0:00:03]} 16. Nd4 {[%emt 0:00:02]} c6 {[%emt 0:00:03]} 17. b3 {[%emt 0:00:02]} Rc8 {[%emt 0:00:01]} 18. Ndf3 {[%emt 0:00:01]} Qe7 {[%emt 0:00:02]} 19. Nc4 {[%emt 0:00:01]} Bc7 {[%emt 0:00:01]} 20. h3 {[%emt 0:00:01]} Rfd8 {[%emt 0:00:01]} 21. Qe2 {[%emt 0:00:01]} Nb7 {[%emt 0:00:04]} 22. Ne3 {[%emt 0:00:01]} b5 {[%emt 0:00:01]} 23. Nf1 {[%emt 0:00:01]} b4 {[%emt 0:00:00]} 24. Bb2 {[%emt 0:00:00]} Nd6 {[%emt 0:00:01]} 25. Ne5 {[%emt 0:00:01]} Nf5 {[%emt 0:00:01]} 26. Ng4 {[%emt 0:00:01]} Nxg4 {[%emt 0:00:01]} 27. Qxg4 {[%emt 0:00:00]} Nh6 {[%emt 0:00:01]} 28. Qxg7# {[%emt 0:00:02] (Lag: Av=0.47s, max=0.7s)} 1-0